Bilecik Bilecik Bilecik Bilecik Bilecik

Urdu dili konuşma kılavuzu/ (Record no. 11544)

MARC details
000 -BAŞLIK
Sabit Uzunluktaki Kontrol Alanı 01055nam a22003377a 4500
001 - KONTROL NUMARASI
Control Dosyası 0011575
003 - KONTROL NUMARASI KİMLİĞİ
Kontrol Alanı KOHA_MİRAKIL
005 - EN SON İŞLEM TARİHİ ve ZAMANI
Kontrol Alanı 20260207001822.0
007 - FİZİKSEL TANIM SABİT ALAN - GENEL BİLGİ
Sabit uzunluklu kontrol alanı ta
008 - SABİT UZUNLUKTAKİ VERİ ÖGELERİ - GENEL BİLGİ
Sabit Alan 091120b2007 tu |||gr||||#||||1|tur |
020 ## - ISBN - ULUSLARARASI STANDART KİTAP NUMARASI
Isbn 9789944116572
Kullanılabilirlik koşulları 8,45
040 ## - KATALOGLAMA KAYNAĞI
Özgün Kataloglama Kurumu TR-BiSEU
Kataloglama Dili tur
Çeviri Kurumu TR-BiSEU
Açıklama Kuralları rda
041 0# - DİL KODU
Metin ya da ses kaydının dil kodu tur
044 ## - YAYINLAYAN/ÜRETEN KURULUŞUN ÜLKE KODU
ISO country code tu
050 ## - SINIFLAMA ve YER NUMARASI
Sınıflama Numarası PK1973
Yer Numarası .B56 2007
100 1# - KİŞİ ADI
Yazar Adı (Kişi adı) Bilik, Nuriye.
245 1# - ESER ADI BİLDİRİMİ
Başlık Urdu dili konuşma kılavuzu/
Sorumluluk Bildirimi Nuriye Bilik ; Nuriye Bilik, Nuray Özenç.
264 #1 - ÜRERİM, YAYIN, DAĞITIM ve TELİF BİLDİRİMİ
Yayın yeri İstanbul :
Yayınlayan L-T Literatürk
Yayın tarihi 2007
300 ## - FİZİKSEL TANIMLAMA
Sayfa, Cilt vb. 197 sayfa; 18 cm.
336 ## - İÇERİK TÜRÜ
Content type term metin
Content type code txt
Source rdacontent
337 ## - MEDYA TÜRÜ
Media type term aracısız
Media type code n
Source rdamedia
338 ## - TAŞIYICI TÜRÜ
Carrier type term cilt
Carrier type code nc
Source rdacarrier
490 1# - DİZİ BİLDİRİMİ
Dizi Bildirimi Literatürk (Series) ;
Cilt Numarası 8.
490 1# - DİZİ BİLDİRİMİ
Dizi Bildirimi Dilbilim ;
Cilt Numarası 2.
500 ## - GENEL NOT
Genel Not Kaynakça var.
650 #0 - KONU BAŞLIĞI EK GİRİŞ - KONU TERİMİ
Konusal terim veya coğrafi ad Urdu language--Study and teaching--Foreign speakers.
9 (RLIN) 28231
650 #0 - KONU BAŞLIĞI EK GİRİŞ - KONU TERİMİ
Konusal terim veya coğrafi ad Urdu language--Textbooks for foreign speakers--Turkisk.
9 (RLIN) 28232
830 1# - SERİ EK GİRİŞİ - TEKBİÇİM ESER ADI
Tekbiçim Başlık Literatürk (Series) ;
Volume number/sequential designation 8.
9 (RLIN) 28233
830 1# - SERİ EK GİRİŞİ - TEKBİÇİM ESER ADI
Tekbiçim Başlık Dilbilim ;
Volume number/sequential designation 2.
9 (RLIN) 26313
942 ## - EK GİRİŞ ÖGELERİ (KOHA)
Source of classification or shelving scheme Library of Congress Classification
Koha item type Book
Holdings
Materyal Türü Kalıcı Konum Mevcut Konum Raf Yeri Sınıflandırma Kaynağı Edinim Bilgisi Ana Konular Alt Konular Yer Numarası Demirbaş Numarası Fatura Tarihi Maliyet, Alış Fiyatı Maliyet, Yenileme Fiyatı Geri Çekilme Durumu Kayıp Durumu Hasarlı Durumu Kredi için değil Kayıt Tarih Toplam Ödünçverme Son Görülme Tarihi Son Kontrol Tarihi
Book Prof. Dr. Azmi Özcan Kütüphanesi Prof. Dr. Azmi Özcan Kütüphanesi Birûni Salonu Library of Congress Classification Satın DİL VE EDEBİYAT Hint-İran Dilleri ve Edebiyatları PK1973 .B56 2007 0011575 20/11/2009 9.13 9.13         20/11/2009   05/12/2024 05/12/2024